000 01183pam a2200277 a 4500
001 4507283
003 NUST - PNEC
005 20170116181134.0
008 980611s1999 njua b 001 0 eng
010 _a 98029633
020 _a0137398972
040 _aDLC
_cLIBRARY
_dDLC
050 0 0 _aTP155.7
_b.W55 1999
082 0 0 _a660 WIL
_221
100 1 _aWilkes, James O.
245 1 0 _aFluid mechanics for chemical engineers /
_cby James O. Wilkes, with contributions by Stacy G. Bike.
260 _aUpper Saddle River, N.J. :
_bPrentice Hall PTR,
_cc1999.
300 _axiv, 599 p. :
_bill. ;
_c24 cm.
440 0 _aPrentice Hall international series in the physical and chemical engineering sciences
504 _aIncludes bibliographical references and index.
650 0 _aChemical processes.
_xME
650 0 _aFluid dynamics.
700 1 _aBike, Stacy G.
942 _2ddc
_cBK
999 _c70136
_d70136